[Event "Vienna Advent op"]
[Site "Vienna"]
[Date "2024.12.10"]
[Round "2"]
[White "Balogh, Gerda"]
[Black "Kovazh, Frederik"]
[Result "0-1"]
[WhiteElo "1763"]
[BlackElo "1771"]
[PlyCount "76"]
[EventDate "2024.12.09"]
[EventType "swiss"]
[EventRounds "7"]
[EventCountry "AUT"]
[SourceTitle "CB04_2025"]
[SourceDate "2025.01.22"]
[SourceVersion "1"]
[SourceVersionDate "2025.01.22"]
[SourceQuality "1"]

1. e4 c5 2. Nf3 d6 3. d4 cxd4 4. Qxd4 Nc6 5. Bb5 Bd7 6. Bxc6 Bxc6 7. Nc3 Nf6 8. Bg5 e5 9. Qd3 h6 10. Bxf6 Qxf6 11. Nd5 Qd8 12. 0-0-0 Bxd5 13. Qxd5 Qc7 14. Qb5+ Qc6 15. Qxc6+ bxc6 16. Rd3 f5 17. exf5 Be7 18. f6 gxf6 19. Nh4 Rg8 20. Rg3 Rg5 21. Rxg5 hxg5 22. Nf5 Kf7 23. Nxe7 Kxe7 24. Kd2 Rb8 25. b3 Ke6 26. c4 Rh8 27. h3 a5 28. Rc1 Rh4 29. Rc3 f5 30. Ke2 f4 31. f3 Rh8 32. a4 Rb8 33. Kd2 Ra8 34. Ke2 Ra6 35. Kd3 Kf5 36. Rc2 Rb6 37. Kc3 d5 38. Re2 d4+ 0-1

[Event "Vienna Advent op"]
[Site "Vienna"]
[Date "2024.12.09"]
[Round "1"]
[White "Kovazh, Frederik"]
[Black "Wu, Chenshan"]
[Result "0-1"]
[WhiteElo "1771"]
[BlackElo "1986"]
[PlyCount "60"]
[EventDate "2024.12.09"]
[EventType "swiss"]
[EventRounds "7"]
[EventCountry "AUT"]
[SourceTitle "CB04_2025"]
[SourceDate "2025.01.22"]
[SourceVersion "1"]
[SourceVersionDate "2025.01.22"]
[SourceQuality "1"]

1. d4 Nf6 2. c4 g6 3. Nc3 d5 4. Bf4 Bg7 5. e3 0-0 6. Nf3 c5 7. cxd5 Nxd5 8. Nxd5 Qxd5 9. Be2 cxd4 10. exd4 Nc6 11. Be5 Nxe5 12. dxe5 Qa5+ 13. Qd2 Qxd2+ 14. Kxd2 Rd8+ 15. Kc2 Be6 16. Rad1 Rac8+ 17. Kb1 Bf5+ 18. Ka1 Rxd1+ 19. Rxd1 g5 20. Nd4 Be4 21. Nf3 g4 22. Ng5 Bf5 23. f3 Bxe5 24. fxg4 Bg6 25. Nf3 Bg7 26. Nh4 Rc2 27. Nxg6 hxg6 28. Bf3 Rxb2 29. Rd8+ Kh7 30. Ra8 Rb6# 0-1